Proactive organisation change for better competitiveness of companies
Vzťah firma - životné prostredie. Organizačná zmena - prepojenie medzi meniacim sa životným prostredím a firmou. Zvyšovanie konkurencieschopnosti firmy pri zohľadňovaní environmentálnych kritérií. Proaktívna organizačná zmena. Firmy - vnútorné zdroje a možnosti pre proaktívnu organizačnú zmenu.
Gespeichert in:
| 1. Verfasser: | |
|---|---|
| Weitere Verfasser: | |
| Format: | Buchkapitel |
| Sprache: | Englisch |
| Schlagworte: | |
| Tags: |
Keine Tags, Fügen Sie das erste Tag hinzu!
|
MARC
| LEADER | 00000nla$a2200000$$$4500 | ||
|---|---|---|---|
| 001 | 0076421 | ||
| 005 | 20240502071908.4 | ||
| 041 | 0 | |a eng | |
| 044 | |a SK | ||
| 245 | 1 | 0 | |a Proactive organisation change for better competitiveness of companies |c Eleonora Fendeková, Detlef Skupin |
| 520 | |a Vzťah firma - životné prostredie. Organizačná zmena - prepojenie medzi meniacim sa životným prostredím a firmou. Zvyšovanie konkurencieschopnosti firmy pri zohľadňovaní environmentálnych kritérií. Proaktívna organizačná zmena. Firmy - vnútorné zdroje a možnosti pre proaktívnu organizačnú zmenu. | ||
| 610 | 2 | 0 | |a firmy |
| 610 | 2 | 0 | |a konkurencieschopnosť |
| 610 | 2 | 0 | |a zmeny organizačné |
| 610 | 2 | 0 | |a environmentalistika |
| 610 | 2 | 0 | |a prostredie životné |
| 100 | 1 | |a Fendeková, Eleonora, 1952- | |
| 700 | 1 | |a Skupin, Detlef | |